| 000 | 00994 a2200241 4500 | ||
|---|---|---|---|
| 001 | 118589 | ||
| 020 | _a9780448089027 | ||
| 020 | _qenc. | ||
| 041 | _aeng | ||
| 082 | _a[Fic] | ||
| 245 | 1 | 0 | _aThe Hardy boys mystery stories |
| 246 | _aThe house on the cliff | ||
| 490 | _aThe Hardy boys mystery stories | ||
| 520 | _aFrank and Joe Hardy are investigating a mysterious old house high on the cliffs above Barmet Bay when they are frightened off by a scream. The boys return to the apparently haunted house when they make a connection between the place and a smuggling case their father is working on. When their father goes missing, they have to investigate the caves beneath the house and confront the smugglers. | ||
| 697 | _aMystery - Fiction | ||
| 856 | _u000031/00003148.jpg | ||
| 040 |
_aBR-BrIDEA _cBR-BrIDEA |
||
| 090 |
_aYear 4 [Fic] _bHAR |
||
| 260 |
_aNew York _bGrosset & Dunlap _c1987 |
||
| 300 |
_a180 p. _bill. |
||
| 700 |
_aDixon, Franklin W. _eauthor |
||
| 942 | _cBK | ||
| 999 |
_c118589 _d118589 |
||